| 000 | 00868nam a22001937a 4500 | ||
|---|---|---|---|
| 005 | 20251027195936.0 | ||
| 008 | 251027b |||||||| |||| 00| 0 eng d | ||
| 020 | _a9786210229295 | ||
| 040 | _absop | ||
| 100 |
_aLim, Franz David _eauthor |
||
| 245 |
_aWorking abroad : _ba guide based on my experience / _cFranz David Lim |
||
| 264 |
_aQuezon City, Philippines : _bCental Book Supply Inc., _cc2025. |
||
| 300 |
_axii, 229 pages : _bcolor illustrations ; _c23 cm. |
||
| 336 | _atext | ||
| 337 | _aunmediated | ||
| 338 | _avolume | ||
| 505 | 0 | _aDisclaimer--Glossary--Map of My Journey (Adventure) in Chine--Preface--1.Are You Ready to Work Abroad?--2.Preliminary Preparations at Home--3.The World of Tomorrow--4.Academic Preparations--5.Looking for Work and Accepting a Job Offer--6.Getting a Work Visa and DMW Certificate of Employment--Notes-- | |
| 942 |
_2lcc _cBK |
||
| 999 |
_c54674 _d54674 |
||